Places To Study
There are group study rooms, individual study carrels, computer labs, and other spaces to study in the Libraries.
Reserve A Group Room| 000 -LEADER | |
|---|---|
| fixed length control field | 00857nam a22001697a 4500 |
| 003 - CONTROL NUMBER IDENTIFIER | |
| control field | OSt |
| 005 - DATE AND TIME OF LATEST TRANSACTION | |
| control field | 20251205164038.0 |
| 008 - FIXED-LENGTH DATA ELEMENTS--GENERAL INFORMATION | |
| fixed length control field | 251205b |||||||| |||| 00| 0 eng d |
| 040 ## - CATALOGING SOURCE | |
| Transcribing agency | DCL |
| 082 ## - DEWEY DECIMAL CLASSIFICATION NUMBER | |
| Classification number | ၂၉၄.၃၄၃၅၀၉ |
| 100 0# - MAIN ENTRY--PERSONAL NAME | |
| Personal name | ဝင်းမောင်၊ ရေနံ့သာ |
| 245 10 - TITLE STATEMENT | |
| Title | ကမ္ဘာကျော် ပုဂံရှေးဟောင်းစေတီပုထိုးများ / |
| Statement of responsibility, etc. | ရေနံ့သာဝင်းမောင်။ |
| 264 ## - PRODUCTION, PUBLICATION, DISTRIBUTION, MANUFACTURE, AND COPYRIGHT NOTICE | |
| Place of production, publication, distribution, manufacture | ရန်ကုန် ၊ |
| Name of producer, publisher, distributor, manufacturer | ရွက်စိမ်းစာပေ၊ |
| Date of production, publication, distribution, manufacture, or copyright notice | ၂၀၁၄။ |
| 300 ## - PHYSICAL DESCRIPTION | |
| Extent | ၁၀၈ စာမျက်နှာ ၊ |
| Other physical details | ဓာတ်ပုံများ၊ |
| Dimensions | ၂၁ စင်တီ။ |
| 650 ## - SUBJECT ADDED ENTRY--TOPICAL TERM | |
| Topical term or geographic name entry element | ပုဂံရှေးဟောင်းစေတီများ |
| General subdivision | သမိုင်း |
| 942 ## - ADDED ENTRY ELEMENTS (KOHA) | |
| Source of classification or shelving scheme | Dewey Decimal Classification |
| Koha item type | Short Term |
| Suppress in OPAC | No |
| Withdrawn status | Lost status | Source of classification or shelving scheme | Damaged status | Not for loan | Collection | Accession No. | Home library | Current library | Shelving location | Date acquired | Total checkouts | Full call number | Barcode | Date last seen | Price effective from | Koha item type |
|---|---|---|---|---|---|---|---|---|---|---|---|---|---|---|---|---|
| Dewey Decimal Classification | Myanmar Collection | ၂၀၁၃ | Dhammadhara | Dhammadhara | Myanmar Shelves | 05/12/2025 | ၂၉၄.၃၄၃၅၀၉ ဝင်း ၂၀၁၃ | MB00002013 | 05/12/2025 | 05/12/2025 | Short Term |